000
00260 a2200097 4500
001
17460
100
_a
Yoshizawa
245
_a
Stability theory and the existence of periodic solutions and almost periodic sols
260
_a
_b
Springer
_c
090
_c
12901
_d
12901
942
_a
NUST-CAE
_c
M
_c
3227
999
_c
252533
_d
252533